LEADER 00992nam0-22003371i-450- 001 990003177970403321 010 $a88-204-1670-0 035 $a000317797 035 $aFED01000317797 035 $a(Aleph)000317797FED01 035 $a000317797 100 $a20000920d1979----km-y0itay50------ba 101 0 $aita 102 $aIT 200 1 $a<>reddito prodotto nelle province italiane nel 1977$eSerie storica 1970-1976$eIndici di alcuni consumi non alimentari$fGuglielmo Tagliacarne . 210 $aMilano$cFranco Angeli$d1979. 215 $a139 p.$cill.$d22 cm 610 0 $aItalia 610 0 $aReddito nazionale 676 $aF/1.411 676 $aF/2.1 702 1$aTagliacarne,$bGuglielmo 712 2$aUnioncamere 801 0$aIT$bUNINA$gRICA$2UNIMARC 901 $aBK 912 $a990003177970403321 952 $aF/2.1 TAG/77$b10037/I$fSES 959 $aSES 996 $aReddito prodotto nelle province italiane nel 1977$9452807 997 $aUNINA DB $aING01 LEADER 00942cam0-2200325---450- 001 990004790170403321 005 20090116125210.0 035 $a000479017 035 $aFED01000479017 035 $a(Aleph)000479017FED01 035 $a000479017 100 $a19990604d1962----km-y0itay50------ba 101 0 $aeng 102 $aGB 105 $a----a---001gy 200 1 $aEnglands helicon$fedited from the edition of 1600 with additional poems from the edition of 1614 by Hugh MacDonald 205 $a2nd impr. 210 $aLondon$cRoutledge and Kegan Paul$d1962 215 $aXXVIII, 260 p.$d17 cm 610 0 $aPoesia inglese$a1500-1700 610 0 $aPoesia pastorale inglese 676 $a821.3 702 1$aMacdonald,$bHugh 801 0$aIT$bUNINA$c20070312$gRICA$2UNIMARC 901 $aBK 912 $a990004790170403321 952 $a821.3 MAC 1$fFLFBC 959 $aFLFBC 996 $aEnglands helicon$9561910 997 $aUNINA LEADER 01400cam2-2200421---450- 001 990003216160203316 005 20110421110030.0 010 $a978-88-217-2958-4 035 $a000321616 035 $aUSA01000321616 035 $a(ALEPH)000321616USA01 035 $a000321616 100 $a20090408d2009----|||y0itay0103----ba 101 0 $aita 102 $aIT 105 $ay|||n|||001|| 200 1 $a2009$eguida alla compilazione quadro per quadro, casistica ed esempi pratici$fFrancesco Scopacasa$eaggiornato on-line 210 $a[Milanofiori, Assago]$cIPSOA$d2009 215 $aX, 383 p.$d30 cm 225 2 $aDichiarazioni fiscali 2009$v1 410 0$12001$aDichiarazioni fiscali 2009$v1 461 1$1001000352384$12001$aDichiarazione Iva 606 $aImposta sul valore aggiunto$xGuide pratiche$2BNCF 676 $a343.45055$v22 700 1$aSCOPACASA,$bFrancesco$0298440 801 $aIT$bsalbc$gISBD 912 $a990003216160203316 951 $aXXIV.5.C. 612$b17458 G.$cXXIV.5.C.$d00206528 959 $aBK 969 $aGIU 979 $aIANNONE$b90$c20090408$lUSA01$h1206 979 $aIANNONE$b90$c20090408$lUSA01$h1231 979 $aFIORELLA$b90$c20101210$lUSA01$h1424 979 $aFIORELLA$b90$c20101210$lUSA01$h1425 979 $aCHIARA$b90$c20110421$lUSA01$h1100 979 $aCHIARA$b90$c20110421$lUSA01$h1100 996 $a2009$91516773 997 $aUNISA